Cement concrete pavements / (Record no. 547678)

000 -LEADER
fixed length control field 00717cam a22001937a 4500
020 ## - INTERNATIONAL STANDARD BOOK NUMBER
International Standard Book Number 9054102411
082 00 - DEWEY DECIMAL CLASSIFICATION NUMBER
Classification number 625.84
Author Mark CEM
-- L-39, P-168
245 10 - TITLE STATEMENT
Title Cement concrete pavements /
Statement of responsibility, etc. Maurice Villemagne, Yves Charonnat and Jean-Louis Nissoux, volume editors.
260 ## - PUBLICATION, DISTRIBUTION, ETC.
Place of publication, distribution, etc. Rotterdam ;
-- Brookfield, Vt. :
Name of publisher, distributor, etc. A. A. Balkema,
Date of publication, distribution, etc. c1996.
300 ## - PHYSICAL DESCRIPTION
Extent xv, 253 p. :
Other physical details ill. ;
Dimensions 25 cm.
526 ## - STUDY PROGRAM INFORMATION NOTE
Program name 0
Interest level 0
Reading level 0
Title point value 625_840000000000000_CEM
650 #0 - SUBJECT ADDED ENTRY--TOPICAL TERM
Topical term or geographic name entry element MCE
9 (RLIN) 379
650 #0 - SUBJECT ADDED ENTRY--TOPICAL TERM
Topical term or geographic name entry element Pavements, Concrete
Geographic subdivision France.
9 (RLIN) 43822
700 1# - ADDED ENTRY--PERSONAL NAME
Personal name Charonnat, Yves.
9 (RLIN) 43823
700 1# - ADDED ENTRY--PERSONAL NAME
Personal name Nissoux, Jean-Louis.
9 (RLIN) 43824
700 1# - ADDED ENTRY--PERSONAL NAME
Personal name Villemagne, Maurice.
9 (RLIN) 43825
856 42 - ELECTRONIC LOCATION AND ACCESS
Uniform Resource Identifier <a href="http://www.loc.gov/catdir/enhancements/fy0909/99227226-d.html">http://www.loc.gov/catdir/enhancements/fy0909/99227226-d.html</a>
942 ## - ADDED ENTRY ELEMENTS (KOHA)
Source of classification or shelving scheme
Koha item type Book
Holdings
Withdrawn status Lost status Source of classification or shelving scheme Damaged status Not for loan Permanent Location Current Location Date acquired Total Checkouts Full call number Barcode Date last seen Price effective from Koha item type
          Military College of Engineering (MCE) Military College of Engineering (MCE) 08/05/2014   625.84 CEM MCE-42833 08/05/2014 08/05/2014 Book
© 2023 Central Library, National University of Sciences and Technology. All Rights Reserved.